000 00310nam a22001337a 4500
008 170401b xxu||||| |||| 00| 0 eng d
020 _a9780890966433
041 _aeng
080 _a574
100 _a9
101 _aSHM
245 _aENVIRONMENT AS A FOCUS FOR PUBLIC POLICY
_cCALDWELL, L.K
942 _2udc
_cBK
999 _c9436
_d9436